It Will Come Back - Hozier (All Lyrics) - Statistics

General Stats
  • This quiz has been taken 182 times
  • The average score is 223 of 264
Answer Stats
Answer % Correct
back
100%
I
100%
it
100%
It
100%
come
99%
to
99%
will
99%
be
98%
Don't
98%
don't
98%
me
98%
You
98%
you
98%
a
97%
Honey
96%
babe
95%
feed
95%
know
95%
kind
93%
that
92%
how
90%
How
90%
better
89%
like
89%
no
89%
than
87%
Than
87%
at
86%
in
86%
look
85%
your
85%
the
84%
let
83%
talk
83%
with
83%
keep
82%
Christ
80%
intention
80%
Jesus
80%
give
79%
of
79%
hear
78%
door
77%
this
77%
when
77%
easy
75%
howling
75%
what
75%
is
74%
smile
74%
who
74%
that's
73%
That's
73%
are
72%
hold
71%
just
71%
see
71%
never
70%
outside
70%
am
68%
I'm
68%
knows
68%
sleeps
67%
hand
66%
offer
66%
alone
65%
Leave
65%
can't
64%
should
64%
land
63%
make
63%
understand
63%
my
62%
something
62%
else
61%
soul
61%
way
59%
baby
57%
kindness
54%
need
54%
You'll
54%
afford
52%
I've
52%
known
52%
I'll
51%
more
51%
warmth
51%
mercy
50%
Oh
50%
please
50%
as
47%
find
46%
you're
43%
born
41%
sure
40%
Through
40%
unlearned
40%
cold
39%
warn
32%
doorways
29%
night
25%
each
18%
No matching quizzes found
Score Distribution
Percent of People with Each Score
Percentile by Number Answered
Your Score History
You have not taken this quiz